000 00257nam a2200109Ia 4500
008 220216s9999 xx 000 0 und d
100 _aThomas K U
245 0 _aTapping kooduthal aadayakaramaakkan
260 _bRubber
_c2015
300 _a8-Jun
942 _cBS
999 _c49984
_d49984